<?xml version="1.0" encoding="UTF-8"?>
<record
    xmlns:xsi="http://www.w3.org/2001/XMLSchema-instance"
    xsi:schemaLocation="http://www.loc.gov/MARC21/slim http://www.loc.gov/standards/marcxml/schema/MARC21slim.xsd"
    xmlns="http://www.loc.gov/MARC21/slim">

  <leader>02140nab a2200313uuc4500</leader>
  <controlfield tag="001">1227398</controlfield>
  <controlfield tag="005">20240816091410.0</controlfield>
  <controlfield tag="008">101214s2010                        spa  </controlfield>
  <datafield tag="035" ind1=" " ind2=" ">
    <subfield code="a">1227398</subfield>
  </datafield>
  <datafield tag="035" ind1=" " ind2=" ">
    <subfield code="a">(OCoLC)820569203</subfield>
  </datafield>
  <datafield tag="040" ind1=" " ind2=" ">
    <subfield code="c">comduadb</subfield>
  </datafield>
  <datafield tag="041" ind1=" " ind2=" ">
    <subfield code="a">spa</subfield>
  </datafield>
  <datafield tag="100" ind1="1" ind2="0">
    <subfield code="a">Granados R, Judith C</subfield>
    <subfield code="4">aut</subfield>
    <subfield code="e">aut</subfield>
    <subfield code="9">596993</subfield>
  </datafield>
  <datafield tag="245" ind1="1" ind2="0">
    <subfield code="a">Acoplamiento molecular, 3DQSAR y dise&#xF1;o de novo de benzimidazoles e imidazolinas derivados de (S)-isotiazolidinonas como inhibidores de la proteina ptp 1B</subfield>
  </datafield>
  <datafield tag="260" ind1=" " ind2=" ">
    <subfield code="c">2010.</subfield>
  </datafield>
  <datafield tag="520" ind1="3" ind2=" ">
    <subfield code="a">Se realiz&#xF3; un estudio tridimensional cuantitativo de relaci&#xF3;n-estructura (3D-QSAR) con 40 mol&#xE9;culas tipo benzimidazol e imidazolina derivadas de (s)-isotiazolidinonas y su uni&#xF3;n con el sitio activo de la prote&#xED;na tirosina fosfatasa 1B (PTP 1B), utilizando el programa GOLD 3.0. La superposici&#xF3;n molecular de los ligandos en la plantilla fue llevada a cabo por el m&#xE9;todo Database Alignment. El mejor modelo fue el constituido por la combinaci&#xF3;n de los campos est&#xE9;ricos y electrost&#xE1;ticos de CoMFA, los cuales arrojaron los siguientes par&#xE1;metros: q2 = 0,659 y r2 = 0,997. Usando el m&#xF3;dulo LeapFrog de SYBYL fue posible generar m&#xE1;s de 10.000 mol&#xE9;culas nuevas, de las cuales 46 mostraron, te&#xF3;ricamente, un mejor valor de la actividad biol&#xF3;gica que su precursora. Los datos obtenidos en el presente estudio podr&#xED;an impulsar el dise&#xF1;o de nuevos y m&#xE1;s potentes inhibidores de la PTP 1B, como agentes para el tratamiento de la diabetes.</subfield>
  </datafield>
  <datafield tag="650" ind1=" " ind2="7">
    <subfield code="a">Bioinform&#xE1;tica</subfield>
    <subfield code="2">lemb</subfield>
    <subfield code="9">68548</subfield>
  </datafield>
  <datafield tag="650" ind1=" " ind2=" ">
    <subfield code="a">Modelos moleculares</subfield>
    <subfield code="9">29512</subfield>
  </datafield>
  <datafield tag="650" ind1=" " ind2="7">
    <subfield code="a">Diabetes mellitus</subfield>
    <subfield code="2">dcs</subfield>
    <subfield code="9">21095</subfield>
  </datafield>
  <datafield tag="650" ind1=" " ind2=" ">
    <subfield code="a">Benzimidazoles</subfield>
    <subfield code="9">64183</subfield>
  </datafield>
  <datafield tag="650" ind1=" " ind2=" ">
    <subfield code="a">Imidazolinonas</subfield>
    <subfield code="9">185858</subfield>
  </datafield>
  <datafield tag="650" ind1=" " ind2=" ">
    <subfield code="a">Inhibidores</subfield>
    <subfield code="9">29094</subfield>
  </datafield>
  <datafield tag="700" ind1="1" ind2="0">
    <subfield code="a">Arias P, Elsa R</subfield>
    <subfield code="4">aut</subfield>
    <subfield code="e">aut</subfield>
    <subfield code="9">607721</subfield>
  </datafield>
  <datafield tag="700" ind1="1" ind2="0">
    <subfield code="a">Pacheco L, Dency J</subfield>
    <subfield code="4">aut</subfield>
    <subfield code="e">aut</subfield>
    <subfield code="9">609224</subfield>
  </datafield>
  <datafield tag="700" ind1="1" ind2="0">
    <subfield code="a">Valdiris A, Veronica</subfield>
    <subfield code="4">aut</subfield>
    <subfield code="e">aut</subfield>
    <subfield code="9">596994</subfield>
  </datafield>
  <datafield tag="700" ind1="1" ind2="0">
    <subfield code="a">Vivas Reyes, Ricardo</subfield>
    <subfield code="4">aut</subfield>
    <subfield code="e">aut</subfield>
    <subfield code="9">579889</subfield>
  </datafield>
  <datafield tag="773" ind1="0" ind2=" ">
    <subfield code="t">Vitae. Revista de la Facultad de Ciencias Farmac&#xE9;uticas y Alimentarias (Medell&#xED;n)</subfield>
    <subfield code="g">Volumen 17, N&#xFA;mero 03, Septiembre-Diciembre 2010, 317-327</subfield>
    <subfield code="w">118990</subfield>
    <subfield code="x">0121-4004</subfield>
    <subfield code="0">66220</subfield>
  </datafield>
  <datafield tag="942" ind1=" " ind2=" ">
    <subfield code="c">ARIMP</subfield>
  </datafield>
  <datafield tag="999" ind1=" " ind2=" ">
    <subfield code="c">563697</subfield>
    <subfield code="d">563697</subfield>
  </datafield>
</record>
